000 01311nam a2200253Ia 4500
003 Ost
005 20260507075159.0
008 260507s9999||||xx |||||||||||||| ||und||
020 _a8995732443
040 _cfsecg
041 _aara
082 _a330
100 _aفرحان، محمد عبد الحميد
_eمؤلف
245 0 _aمؤسسات الزكاة و تقييم دورها الاقتصادي :
_bدراسة تطبيقية /
_c محمد عبد الحميد فرحان
260 _aعمان:
_bدار الحامد,
_c2009
300 _a350 صفحة؛
_bإيضاحات ؛
_c24 سم
504 _aقائمة الاشكل ص.15 قائمة الجداول ص.16 مراجع ص.335 ؛ملاحق ص.243
520 _aالبنى التشريعية و التنظيمية لمؤسسات الزكاة في كل من اليمن ، السودان ، السعودية ، و الأردن و كفاءة التحصيل و الانفاق في هذه المؤسسات، اقتراح استراتيجية لتطوير الدور الاقتصادي لهذه المؤسسات بالتطرق الى البعد التشريعي و البعد المؤسسي .
653 _aالاسلام
653 _aالاقتصاد الإسلامي
653 _aالزكاة
653 _aالعبادات
942 _cكتاب
999 _c43392
_d43392